Routing Protocols and Concepts: CCNA Exploration Companion Guide (Record no. 3881)

000 -LEADER
fixed length control field 00729nam a2200229 a 4500
003 - CONTROL NUMBER IDENTIFIER
control field PK-NaQUE
005 - DATE AND TIME OF LATEST TRANSACTION
control field 20260413155142.0
008 - FIXED-LENGTH DATA ELEMENTS--GENERAL INFORMATION
fixed length control field 260413b ||||| |||| 00| 0 eng d
020 ## - INTERNATIONAL STANDARD BOOK NUMBER
International Standard Book Number 1587132060 (hardcover)
020 ## - INTERNATIONAL STANDARD BOOK NUMBER
International Standard Book Number 9781587132063 (hardcover)
040 ## - CATALOGING SOURCE
Transcribing agency QUEST
100 1# - MAIN ENTRY--PERSONAL NAME
Personal name Graziani, Rick.
245 10 - TITLE STATEMENT
Title Routing Protocols and Concepts: CCNA Exploration Companion Guide
250 ## - EDITION STATEMENT
Edition statement 1ST ed.
260 ## - PUBLICATION, DISTRIBUTION, ETC. (IMPRINT)
Place of publication, distribution, etc [S.l.] :
Name of publisher, distributor, etc Cisco Press,
Date of publication, distribution, etc 2007.
300 ## - PHYSICAL DESCRIPTION
Extent 640 p. ;
650 ## - SUBJECT ADDED ENTRY--TOPICAL TERM
Topical term or geographic name as entry element Routers (Computer networks)
650 ## - SUBJECT ADDED ENTRY--TOPICAL TERM
Topical term or geographic name as entry element Routing protocols (Computer network protocols)
700 ## - ADDED ENTRY--PERSONAL NAME
Personal name Johnson, Allan -Díaz, José Manuel, -
856 ## - ELECTRONIC LOCATION AND ACCESS
Uniform Resource Identifier http://10.10.170.122:8080/browse/book/2733
Link text Download eBook
942 ## - ADDED ENTRY ELEMENTS (KOHA)
Koha item type Books
Source of classification or shelving scheme
Holdings
Withdrawn status Lost status Damaged status Not for loan Collection code Permanent Location Current Location Date acquired Full call number Barcode Date last seen Koha item type Price effective from Cost, normal purchase price Total Checkouts Date checked out Source of classification or shelving scheme Shelving location
          Central Library, QUEST, Nawabshah Central Library, QUEST, Nawabshah 2014-05-21 004.6GRA 32393 2014-05-21 Books 2014-05-21          
          Central Library, QUEST, Nawabshah Central Library, QUEST, Nawabshah 2014-05-21 004.6GRA 32394 2014-05-21 Books 2014-05-21          
          Central Library, QUEST, Nawabshah Central Library, QUEST, Nawabshah 2016-07-18 004.6GRA 54287 2016-07-18 Book with CD 2016-07-18 1073.00        
          Central Library, QUEST, Nawabshah Central Library, QUEST, Nawabshah 2016-07-18 004.6GRA 54288 2019-10-03 Book with CD 2016-07-18 1073.00        
          Central Library, QUEST, Nawabshah Central Library, QUEST, Nawabshah 2016-07-18 004.6GRA 54289 2016-07-18 Book with CD 2016-07-18 1073.00        
          Central Library, QUEST, Nawabshah Central Library, QUEST, Nawabshah 2016-07-18 004.6GRA 54290 2018-11-27 Book with CD 2016-07-18 1073.00 1 2018-10-26    
          Central Library, QUEST, Nawabshah Central Library, QUEST, Nawabshah 2016-07-18 004.6GRA 54291 2016-07-18 Book with CD 2016-07-18 1073.00        
          Central Library, QUEST, Nawabshah Central Library, QUEST, Nawabshah 2014-05-22 004.6GRA (Shelf - 04B) 44919 2026-04-13 Books 2026-04-13 8310.00        
          Central Library, QUEST, Nawabshah Central Library, QUEST, Nawabshah 2014-05-21 004.6076GRA 42936 2026-04-14 Books 2026-04-14 1155.00        
          Central Library, QUEST, Nawabshah Central Library, QUEST, Nawabshah 2014-05-21 004.6076GRA 42937 2026-04-14 Books 2026-04-14 1155.00        
          Central Library, QUEST, Nawabshah Central Library, QUEST, Nawabshah 2014-05-21 004.6076GRA 42938 2026-04-14 Books 2026-04-14 1155.00        
          Central Library, QUEST, Nawabshah Central Library, QUEST, Nawabshah 2014-05-21 004.6076GRA 42939 2026-04-14 Books 2026-04-14 1155.00        
          Central Library, QUEST, Nawabshah Central Library, QUEST, Nawabshah 2014-05-21 004.6076GRA 42940 2026-04-14 Books 2026-04-14 1155.00        
          Computerization and Networking Section Computerization and Networking Section 2014-10-02 004.6076GRA 34012 2026-04-14 Books 2026-04-14 1037.00        
        Reference Reference Section Reference Section 2014-05-21 004.6GRA (Shelf - 04B) 32392 2014-05-21 Books            
          Reference Section Reference Section 2014-05-21 004.6 GRA (Shelf - 04E) 42934 2026-04-14 Books 2026-04-14 1155.00       Reference
          Reference Section Reference Section 2014-05-21 004.6 GRA (Shelf - 04E) 42935 2026-04-14 Books 2026-04-14 1155.00       Reference

Copyright © 2018,The QUEST, Nawabshah, Shaheed Benazirabad. All rights reserved
Mr. G. Farooq Channar (Librarian) QUEST, Nawabshah, Sindh, Pakistan 67480.
 Ph#: |   0244-9370381-4 Ext. 2308   Email| lib@quest.edu.pk   Web|  http://www.quest.edu.pk